Mastering autodesk VIZ 2007
Transform flat drawings and concepts into impressive 3D visualizations that will amaze your clients with the comprehensive instruction you'll find in Mastering Autodesk VIZ 2007. Written by VIZ experts, this book shows you how to get the most out of the latest version of Autodesk's powerfu...
Gardado en:
| Autor Principal: | |
|---|---|
| Formato: | Libro |
| Idioma: | Undetermined |
| Publicado: |
Indianapolis, Ind.
Wiley Publishing
2006
|
| Những chủ đề: | |
| Các nhãn: |
Engadir etiqueta
Sen Etiquetas, Sexa o primeiro en etiquetar este rexistro!
|
| Thư viện lưu trữ: | Trung tâm Học liệu Trường Đại học Cần Thơ |
|---|
| LEADER | 01049nam a2200193Ia 4500 | ||
|---|---|---|---|
| 001 | CTU_213461 | ||
| 008 | 210402s9999 xx 000 0 und d | ||
| 082 | |a 720.2840285 | ||
| 082 | |b O.57 | ||
| 100 | |a Omura, George | ||
| 245 | 0 | |a Mastering autodesk VIZ 2007 | |
| 245 | 0 | |c George Omura, Scott Onstott, Jon McFarland | |
| 260 | |a Indianapolis, Ind. | ||
| 260 | |b Wiley Publishing | ||
| 260 | |c 2006 | ||
| 520 | |a Transform flat drawings and concepts into impressive 3D visualizations that will amaze your clients with the comprehensive instruction you'll find in Mastering Autodesk VIZ 2007. Written by VIZ experts, this book shows you how to get the most out of the latest version of Autodesk's powerful 3D design, modeling, and animation tool with an in-depth, tutorial-based approach grounded in real-world examples. | ||
| 650 | |a Computer drawing,Computer simulation,Computer animation,Đồ họa máy tính,Mô phỏng máy tính,Hình ảnh động | ||
| 904 | |i Qhieu | ||
| 980 | |a Trung tâm Học liệu Trường Đại học Cần Thơ | ||